• 首页
  • 本馆介绍
  • 公告通知
  • 最新文献
  • 馆藏检索
  • 电子资源
  • 读者导购
  • 参考咨询
  • 我的图书馆
  • 登录
  • 详细信息显示
  • 放入我的书架
  • 预约/预借图书
  • 作者相关作品
  • 分类相关作品
  • 丛书相关作品
  • 出版社相关作品

书目信息

  • 表格格式
  • 工作单格式
  • 卡片格式
题名:
超常儿童心理发展与教育
    
 
作者: 刘玉华 , 朱源 编著
分册:  
出版信息: 合肥   安徽教育出版社  2001
页数: 415页
开本: 20cm
丛书名:
单 册:
中图分类: B844.1 , G44
科图分类:
主题词: 超常儿童--儿童心理学 , 超常儿童--教育心理学
电子资源:
ISBN: 7-5336-1377-5
000 00716nam0 2200253 450
001 1569916820
005 20150128192412.87
010    @a7-5336-1377-5@dCNY18.00
100    @a20021005d2001 em y0chiy0110 ea
101 0  @achi
102    @aCN@b340000
105    @ay z 000yy
200 1  @a超常儿童心理发展与教育@9chao chang er tong xin li fa zhan yu jiao yu@f刘玉华,朱 源编著
205    @a2版
210    @a合肥@c安徽教育出版社@d2001
215    @a415页@d20cm
606 0  @a超常儿童@x儿童心理学
606 0  @a超常儿童@x教育心理学
690    @aB844.1@v5
690    @aG44@v5
701  0 @a刘玉华@9liu yu hua@4编著
701  0 @a朱源@9zhu yuan@4编著
801  0 @aCN@bTSSF@c20150128
905    @aZUCC@dB844.1@eJY16=2
    
    超常儿童心理发展与教育/刘玉华,朱 源编著.-2版.-合肥:安徽教育出版社,2001
    415页;20cm
    
    
    ISBN 7-5336-1377-5:CNY18.00
    
●
相关链接 在E读中查询图书 在五车中查询图书 在当当中查询图书 在豆瓣中查询图书


正题名:超常儿童心理发展与教育     索取号:B844.1/JY16=2         预约/预借

序号 登录号 条形码 馆藏地/架位号 状态 备注
1 7845658   278456582   学院路分馆/ [索取号:B844.1/JY16=2] 在馆    
2 7847065   278470655   学院路分馆/ [索取号:B844.1/JY16=2] 在馆    
唐山师范学院图书馆 欢迎您!
大连网信软件有限公司© 版权所有